Stolice Europy - Statystyki

Ogólne statystyki
  • Ten quiz został rozwiązany 6 razy
  • Średni wynik to 36 z 45
Odpowiedzi na mapie
Odpowiedzi zakodowano w zielono-czerwonej skali na mapie do tego quizu, zgodnie z poniższymi procentami.
 
Statystyki odpowiedzi
Odpowiedź % Poprawnych
Berlin
100%
Kijów
100%
Lizbona
100%
Madryt
100%
Mińsk
100%
Moskwa
100%
Paryż
100%
Praga
100%
Warszawa
100%
Amsterdam
75%
Andora
75%
Ateny
75%
Belgrad
75%
Berno
75%
Bratysława
75%
Bruksela
75%
Budapeszt
75%
Bukareszt
75%
Dublin
75%
Helsinki
75%
Kopenhaga
75%
Londyn
75%
Lublana
75%
Luksemburg
75%
Monako
75%
Oslo
75%
Podgorica
75%
Prisztina
75%
Rejkiawik
75%
Ryga
75%
Rzym
75%
San Marino
75%
Sarajewo
75%
Skopje
75%
Sofia
75%
Sztokholm
75%
Tallin
75%
Tirana
75%
Vaduz
75%
Valletta
75%
Watykan
75%
Wiedeń
75%
Wilno
75%
Zagrzeb
75%
Kiszyniów
50%
Nie znaleziono quizów pasujących do podanych kryteriów
Rozkład punktacji
Procent ludzi z każdym wynikiem
Percentyl według liczby udzielonych odpowiedzi
Twoja historia wyników
Nie rozwiązałeś tego quizu